000 00589nam a22002177a 4500
999 _c6519
_d6519
001 6519
003 BD-JhCC
005 20180124185132.0
008 180124s1964 nyu |||| |||| 001 0 eng d
035 _a(BD-JhCC)9519
040 _aBD-JhCC
_dBD-JhCC
041 _aeng
082 _a923.273
_bGRE 1964
100 _aGreen, Margret
245 _aPaul Revere :
_bThe man behind the legend /
_cMargret Green,
260 _aNew York :
_bJulian Messner, Inc.,
_c1964.
300 _a191 p. :
_c18 cm.
504 _aIncludes Index and Bibliography.
650 _aPaul Revere.
942 _2ddc
_cBK